• 首页
  • 本馆介绍
  • 公告通知
  • 最新文献
  • 馆藏检索
  • 电子资源
  • 读者荐购
  • 参考咨询
  • CALIS
  • 我的图书馆
  • 登录
  • 详细信息显示
  • 放入我的书架
  • 预约/预借图书
  • 作者相关作品
  • 分类相关作品
  • 丛书相关作品
  • 出版社相关作品

书目信息

  • 表格格式
  • 工作单格式
  • 卡片格式
题名:
管理学
    
 
作者: 相里六续 主编
分册:  
出版信息: 西安   西安交通大学出版社  2013.09
页数: 235页
开本: 28cm
丛书名:
单 册:
中图分类: C93
科图分类:
主题词: 管理学
电子资源:
ISBN: 978-7-5605-5520-1
 
 
 
 
 
000 00538nam0 2200193 450
001 2035820474
005 20200508095815.05
010    @a978-7-5605-5520-1@dCNY29.80
100    @a20200508d2013 km y0chiy0120 ea
101 0  @achi
102    @aCN@b610000
200 1  @a管理学@Aguan li xue@f相里六续主编@Fxiang li liu xu zhu bian
210    @a西安@c西安交通大学出版社@d2013.09
215    @a235页@d28cm
606 0  @a管理学
690    @aC93@v4
701  0 @a相里六续@Axiang li liu xu@4主编
801  0 @aCN@bMUSE@c20200508
905    @aMUSE@dC93@eX259
    
    管理学/相里六续主编.-西安:西安交通大学出版社,2013.09
    235页;28cm
    
    
    ISBN 978-7-5605-5520-1:CNY29.80
    
●
相关链接 在E读中查询图书 在当当中查询图书 在豆瓣中查询图书


正题名:管理学     索取号:C93/X259         预约/预借

序号 登录号 条形码 馆藏地/架位号 状态 备注
1 1241566   212415661   招生就业处资料室/ [索取号:C93/X259] 在馆    
河南城建学院图书馆 欢迎您!
大连网信软件有限公司© 版权所有